| 000 | 00592nam a2200229Ia 4500 | ||
|---|---|---|---|
| 003 | OSt | ||
| 005 | 20231114095959.0 | ||
| 008 | 210324s9999||||xx |||||||||||||| ||und|| | ||
| 040 | _cSTCPL | ||
| 041 | _aENG | ||
| 082 |
_a515.35 _bFRA-T |
||
| 100 | _aAyres, Frank | ||
| 245 | 0 |
_aTheory and problems of differential equations / _cby Frank Ayres |
|
| 260 |
_aNew York : _bSchaum Publishing Co , _c1952. |
||
| 300 |
_a296 p. _bPB |
||
| 650 | _aAnalysis | ||
| 650 | _aDifferential Euqations | ||
| 650 | _aMathematics | ||
| 650 | _aDifferential analysis | ||
| 942 | _cBK | ||
| 942 | _2ddc | ||
| 999 |
_c11957 _d11957 |
||